Оптико-электронные системы экологического мониторинга природной среды (Запись № 239667)

Подробности
000 -МАРКЕР
контрольное поле 02730nam0a2200445 4500
001 - ИДЕНТИФИКАТОР ЗАПИСИ
контрольное поле RU\NLR\bibl\350165
005 - ИДЕНТИФИКАТОР ВЕРСИИ
контрольное поле 20260405223446.0
010 ## - МЕЖДУНАРОДНЫЙ СТАНДАРТНЫЙ НОМЕР КНИГИ (ISBN)
Номер (ISBN) 5-7038-1497-9
Тираж 2000
021 ## - НОМЕР ГОСУДАРСТВЕННОЙ РЕГИСТРАЦИИ
Код страны Российская Федерация
Номер 2002-47586
Номер Листа государственной регистраци 2303
035 ## - ДРУГИЕ СИСТЕМНЫЕ НОМЕРА
Идентификатор записи (NLR Aleph) 000344910
100 ## - ДАННЫЕ ОБЩЕЙ ОБРАБОТКИ
Данные общей обработки 20021218d2002 |||y0rusy50 ca
101 0# - ЯЗЫК РЕСУРСА
Язык текста, звукозаписи и т.д. русский
102 ## - СТРАНА ПУБЛИКАЦИИ ИЛИ ПРОИЗВОДСТВА
Страна публикации Российская Федерация
105 ## - ПОЛЕ КОДИРОВАННЫХ ДАННЫХ: ТЕКСТОВЫЕ МАТЕРИАЛЫ, МОНОГРАФИЧЕСКИЕ
Кодированные данные о монографическом текстовом документе a |||||||||
200 1# - ЗАГЛАВИЕ И СВЕДЕНИЯ ОБ ОТВЕТСТВЕННОСТИ
Основное заглавие Оптико-электронные системы экологического мониторинга природной среды
Сведения, относящиеся к заглавию Учеб. пособие для студентов вузов, обучающихся по направлениям подгот. бакалавров, магистров и дипломир. спец. "Оптотехника", "Опт.-электрон. приборы и системы", "Лазер. системы в ракет. технике и космонавтике"
Первые сведения об ответственности [В.И. Козинцев, В.М. Орлов, М.Л. Белов и др.]
Последующие сведения об ответственности Под ред. В. Н. Рождествина
210 ## - ПУБЛИКАЦИЯ, РАСПРОСТРАНЕНИЕ И ДР.
Место издания, распространения и т.д. М.
Имя издателя, распространителя и т. д. Изд-во МГТУ
Дата издания, распространения и т.д. 2002
215 ## - ФИЗИЧЕСКАЯ ХАРАКТЕРИСТИКА
Специфическое обозначение материала и объем 527 с.
Другие сведения о физической характеристике ил.
Размеры 25
225 1# - СЕРИЯ
Основное заглавие серии Серия "Электроника"
Сведения об ответственности Под общ. ред. И. Б. Федорова
Наименование части Прикладная электроника
320 ## - ПРИМЕЧАНИЯ О НАЛИЧИИ В ДОКУМЕНТЕ БИБЛИОГРАФИИ / УКАЗАТЕЛЯ
Текст примечания Библиогр. в конце частей
320 ## - ПРИМЕЧАНИЯ О НАЛИЧИИ В ДОКУМЕНТЕ БИБЛИОГРАФИИ / УКАЗАТЕЛЯ
Текст примечания Предм. указ.: с. 521-524
606 0# - НАИМЕНОВАНИЕ ТЕМЫ КАК ПРЕДМЕТ
Наименование темы Экологический мониторинг космический
Формальный подзаголовок Руководства, пособия и т.п.
Тематический подзаголовок Применение оптоэлектронных приборов
Системный номер авторитетной/нормативной записи 1780073
Идентификатор авторитетной/нормативной записи RU\NLR\auth\66800054
606 0# - НАИМЕНОВАНИЕ ТЕМЫ КАК ПРЕДМЕТ
Наименование темы Экологический мониторинг космический
Формальный подзаголовок Учебные издания для высшей школы
Тематический подзаголовок Применение оптоэлектронных приборов
Системный номер авторитетной/нормативной записи 1780073
Идентификатор авторитетной/нормативной записи RU\NLR\auth\66800054
610 0# - НЕКОНТРОЛИРУЕМЫЕ ПРЕДМЕТНЫЕ ТЕРМИНЫ
Предметный термин Мониторинг окружающей среды
610 0# - НЕКОНТРОЛИРУЕМЫЕ ПРЕДМЕТНЫЕ ТЕРМИНЫ
Предметный термин Контрольно-измерительные инструменты и приборы оптоэлектронные
675 ## - УНИВЕРСАЛЬНАЯ ДЕСЯТИЧНАЯ КЛАССИФИКАЦИЯ (UDC/УДК)
Индекс 504.064.36:621.385(075.8)
Издание 3
Язык издания rus
686 ## - ИНДЕКСЫ ДРУГИХ КЛАССИФИКАЦИЙ
Индекс 87
Код системы
686 ## - ИНДЕКСЫ ДРУГИХ КЛАССИФИКАЦИЙ
Индекс 20.18я73
Код системы
686 ## - ИНДЕКСЫ ДРУГИХ КЛАССИФИКАЦИЙ
Индекс Е081в734
686 ## - ИНДЕКСЫ ДРУГИХ КЛАССИФИКАЦИЙ
Индекс Д820в734
701 #1 - ИМЯ ЛИЦА - АЛЬТЕРНАТИВНАЯ ОТВЕТСТВЕННОСТЬ
Начальный элемент ввода Козинцев
Часть имени, кроме начального элемента ввода В. И.
Расширение инициалов личного имени Валентин Иванович
Код отношения Автор
701 #1 - ИМЯ ЛИЦА - АЛЬТЕРНАТИВНАЯ ОТВЕТСТВЕННОСТЬ
Начальный элемент ввода Орлов
Часть имени, кроме начального элемента ввода В. М.
Расширение инициалов личного имени Владимир Михайлович
Код отношения Автор
701 #1 - ИМЯ ЛИЦА - АЛЬТЕРНАТИВНАЯ ОТВЕТСТВЕННОСТЬ
Код отношения Автор
Материалы, к которым относится поле rus
Графика поля Кириллица
Начальный элемент ввода Белов
Часть имени, кроме начального элемента ввода М. Л.
Дополнения к именам, кроме дат д-р техн. наук
Расширение инициалов личного имени Михаил Леонидович
Идентификатор авторитетной/нормативной записи RU\NLR\auth\77101648
Системный номер авторитетной/нормативной записи 84574
702 #1 - ИМЯ ЛИЦА - ВТОРИЧНАЯ ОТВЕТСТВЕННОСТЬ
Начальный элемент ввода Рождествин
Часть имени, кроме начального элемента ввода В. Н.
Код отношения Редактор
801 #0 - ИСТОЧНИК ЗАПИСИ
Страна Российская Федерация
Организация RKP
Дата составления 20021218
Правила каталогизации PSBO
801 #1 - ИСТОЧНИК ЗАПИСИ
Страна Российская Федерация
Организация RKP
Дата составления 20021218
801 #2 - ИСТОЧНИК ЗАПИСИ
Страна Российская Федерация
Организация NLR
Дата составления 20111227
Правила каталогизации rcr
942 ## - ДОПОЛНИТЕЛЬНЫЕ ЭЛЕМЕНТЫ ЗАПИСИ (АБИС)
Тип экземпляра АБИС Книга
980 ## - КОЛЛЕКЦИЯ
Название коллекции Национальная библиография
Экземпляры
Тип экземпляра Дата поступления Источник поступления Библиотека постоянного хранения Библиотека текущего хранения Место хранения Шифр хранения Штрих-код Статус экземпляра Стоимость
Книга 20.12.2002 Обязательный экземпляр РНБ (Московский) РНБ (Московский) Русский книжный фонд: издания с 1957 года 2002-7/5250 392052    
Книга 20.12.2002 Обязательный экземпляр РНБ (Московский) РНБ (Московский) Русский книжный фонд: издания с 1957 года 2002-7/5250 392053    
Книга 13.05.2003 Покупка РНБ (Московский) РНБ (Московский) Фонд научного зала литературы по технике Т2 З854.3/О-627 1-284283   134.00
Книга 13.05.2003 Покупка РНБ (Московский) РНБ (Московский) Фонд общего зала литературы по технике Т1 З80/О-627 1-251874   134.00